|
|
|
|
| LEADER |
00000nab a2200000 a 4500 |
| 001 |
vtls010523056 |
| 003 |
SK-MaSNL |
| 005 |
20260303205616.0 |
| 008 |
171110c201302 xo r p 000 00slo |
| 015 |
|
|
|a SNBRB2013/07SVKPO
|
| 038 |
|
|
|a SVKPOCL
|
| 040 |
|
|
|a SVKPOCL
|b slo
|c SVKPOCL
|e AACR2
|
| 041 |
|
|
|a slo
|
| 044 |
|
|
|a xo
|c SK
|
| 080 |
|
|
|a 37.011.3-051
|2 2001
|
| 080 |
|
|
|a 378.4.096:1 (437.671.117.176)
|2 2001
|
| 100 |
1 |
|
|a Bačová, Marta,
|d 1947-2021
|4 aut
|9 112558
|
| 245 |
1 |
0 |
|a Odišla prof. Anna Tokárová, CSc. (1946-2013)
|c Marta Bačová
|
| 300 |
|
|
|a Fotogr.
|
| 600 |
1 |
7 |
|a Tokárová, Anna,
|d 1946-2013
|2 svkpocl
|9 1110413
|
| 610 |
2 |
7 |
|a Prešovská univerzita v Prešove.
|b Filozofická fakulta
|2 svkpocl
|9 179573
|
| 650 |
0 |
7 |
|a osobnosti
|2 snkbucl
|9 29820
|
| 650 |
0 |
7 |
|a vysokoškolskí učitelia
|2 svkpocl
|9 66590
|
| 651 |
|
7 |
|a Prešov (Slovensko)
|2 svkpocl
|9 17347
|
| 773 |
0 |
|
|t Na PUlze... : časopis Prešovskej univerzity
|g Roč. VI, č. 2 (jún 2013), s. 64
|x 1337-9208
|
| 852 |
|
|
|a SVKPO
|b KIS3GCP
|
| 958 |
|
|
|a NB
|
| 958 |
|
|
|a SK
|
| 999 |
|
|
|c 2196261
|d 2198191
|